| 000 | 00000nam##2200000za#4500 |
| 001 | 9.602454 |
| 003 | CaOODSP |
| 005 | 20210624210600 |
| 007 | cr ||||||||||| |
| 008 | 150406|1994||||xxc|||||o f|0| 0 fre|d |
| 040 | |aCaOODSP|bfre |
| 043 | |an-cn--- |
| 086 | 1 |aJS5-1/10-1994F-PDF |
| 110 | 1 |aCanada.|bSolliciteur général Canada. |bDirection des affaires correctionnelles. |
| 245 | 10|aComprendre le rôle de la guérison dans les collectivités autochtones / |h[ressource électronique]|cpar Marcia B. Krawll. |
| 260 | |aOttawa - Ontario : |bSolliciteur général Canada. |cJuillet 1994. |
| 300 | |a96p. |
| 490 | 1 |aCollection sur les Autochtones|vCA 10 APC (1994) |
| 590 | |a11-26-Supp|b2011-11-03 |
| 720 | 1 |aKrawll, Marcia B. |
| 775 | 08|tUnderstanding the role of healing in Aboriginal communities / |w(CaOODSP)9.571478 |
| 830 | #0|aCollection sur les autochtones ;|vCA 10 APC (1994)|w(CaOODSP)9.501991 |
| 856 | 40|ahttp://publications.gc.ca|qPDF|s384 Ko|uhttps://publications.gc.ca/collections/collection_2011/sp-ps/JS5-1-10-1994-fra.pdf|yCA 10 APC (1994) |